000 00168nam a22000857a 4500
082 _a181.07 HAQ
100 _aHaqq, Abdul
245 _aIqbal Ke Ibtidai Afkar
942 _cBK
999 _c20885
_d20885